Sports Quiz

Random Sports or City Quiz

City by Arena/Stadium Quiz Stats

 Plays Quiz Updated Apr 2, 2017

Also try: Team by Stadium
Challenge
Share
Tweet
Embed
Score 0/44 Timer 06:00
5 Plays Today
Arena/Stadium City % Correct
Madison Square GardenNew York
94.9%
Fenway ParkBoston
90.4%
Mercedes-Benz SuperdomeNew Orleans
86.4%
Lambeau FieldGreen Bay
83%
Soldier FieldChicago
81.4%
Staples CenterLos Angeles
80.8%
Heinz FieldPittsburgh
77%
Busch StadiumSt. Louis
76.1%
Air Canada CentreToronto
76%
SunTrust ParkAtlanta
69.5%
Lucas Oil StadiumIndianapolis
68.7%
Miller ParkMilwaukee
68.3%
Levi's StadiumSanta Clara
66.2%
Qualcomm StadiumSan Diego
63.1%
Target FieldMinneapolis
60.9%
Comerica ParkDetroit
58.4%
Safeco FieldSeattle
58.3%
Pepsi CenterDenver
56%
Raymond James StadiumTampa
53.3%
Citizens Bank ParkPhiladelphia
52.1%
Kauffman StadiumKansas City
51.7%
American Airlines CenterDallas
49.8%
Arena/Stadium City % Correct
Hard Rock StadiumMiami Gardens
48%
Great American Ball ParkCincinnati
47.9%
Moda CenterPortland
35.4%
Verizon CenterWashington, D.C.
35.3%
M&T Bank StadiumBaltimore
34.7%
Sleep Train ArenaSacramento
33.7%
FedExForumMemphis
31.5%
KeyBank CenterBuffalo
31.5%
Toyota CenterHouston
30.9%
Bell CentreMontreal
30.4%
Scotiabank SaddledomeCalgary
27.8%
Talking Stick Resort ArenaPhoenix
25.9%
Amway ArenaOrlando
24.5%
Rogers ArenaVancouver
23.8%
Honda CenterAnaheim
21.5%
AT&T CenterSan Antonio
20.6%
PNC ArenaRaleigh
17.5%
EverBank FieldJacksonville
14.5%
Bridgestone ArenaNashville
13.9%
Chesapeake Energy ArenaOklahoma City
13.5%
Spectrum CenterCharlotte
13.3%
Vivint Smart Home ArenaSalt Lake City
11.3%

You're not logged in!

Compare scores with friends on all Sporcle quizzes.
OR
Log In

You Might Also Like...

Show Comments

Extras

Top Quizzes Today


Score Distribution

Your Account Isn't Verified!

In order to create a playlist on Sporcle, you need to verify the email address you used during registration. Go to your Sporcle Settings to finish the process.

Report this User

Report this user for behavior that violates our Community Guidelines.

Details: